000 00337nam a2200133Ia 4500
999 _c90
_d90
082 _aWB 288
_bCUR
100 _aTierney,Lawrence.M
245 0 _aCurrent Medical Diagnosis & Treatment (SSH)
_cTierney,Lawrence.M
250 _a36th
260 _aLondon UK
_bAppleton & Lange
_c1997
300 _a1587
650 _aMedicine
942 _cBK
_2ddc